Conciliatio Genesis et Exodi locorum qui apparentem continent antinomiam simulque expositio moralis / Illustrissimi Domini D. Emanuel Ferdinandi de Santacruz olim violacea majoris Salmanticensis Collegii vulgò de Cuenca toga condecorati, in alma illustrissima Segoviensi cathedrali ecclesia à concionibus canonici, chiapensis ecclesiae primùm episcopi primùm episcopi praesentati, deinde Guadalaxerensis ecclesiae et nunc Angelopolitanae in Indiis Occidentalibus antistitis

Detalles Bibliográficos
Autor principal: Santa Cruz, Emmanuel Fernández de, ob. de Puebla de los Ángeles, 1637-1699
Otros Autores: Anisson, Jean, 1642-1721, impr., ed, Anisson, Jacques, 1643-1714, impr., ed, Posuel, Jean, 1644-1725, impr., ed
Formato: Libro
Lenguaje:Latin
Publicado: Lugduni : apud Anissonios & Joan. Posuel, 1681.
Edición:Nunc primum prodit in Galliis auctior et correctior
Materias:
Colección:Banco de datos
Acervo:Universidad Autónoma Benito Juárez de Oaxaca. Biblioteca Francisco de Burgoa. Colección antigua
Descripción Física:[28] h., 720 p., [8] h. ; f°
Tema general:Biblia
Notas:Portada tipográfica a dos tintas con marca de los editores y pleca en grabado xilográfico. Título de la anteportada: Antilogiae Sacrae Scripturae. Texto a dos columnas con paginación en números arábigos, apostillas marginales, reclamos y signaturas. Incluye cabecera de título historiada en grabado xilográfico. Incluye capitular con motivos zoomorfos en grabado xilográfico. Encuadernación en pergamino (1623, 1775). Marca de fuego: Casa del Noviciado de la Compañía de Jesús de Oaxaca, Oax. (1623, 1775). Marca de fuego: Convento de San Agustín de Oaxaca, Oax. (1623, 1775). Ex libris manuscrito en la portada: "B. Angel Remigio Briones" (1623, 1775). Daños por humedad y polilla (1623, 1775)
LEADER 02220nam a22002410004500
035 |a 498 
041 0 |a lat 
100 1 |a Santa Cruz, Emmanuel Fernández de, ob. de Puebla de los Ángeles, 1637-1699 
245 1 0 |a Conciliatio Genesis et Exodi locorum qui apparentem continent antinomiam simulque expositio moralis / Illustrissimi Domini D. Emanuel Ferdinandi de Santacruz olim violacea majoris Salmanticensis Collegii vulgò de Cuenca toga condecorati, in alma illustrissima Segoviensi cathedrali ecclesia à concionibus canonici, chiapensis ecclesiae primùm episcopi primùm episcopi praesentati, deinde Guadalaxerensis ecclesiae et nunc Angelopolitanae in Indiis Occidentalibus antistitis 
250 |a Nunc primum prodit in Galliis auctior et correctior 
260 |a Lugduni : apud Anissonios & Joan. Posuel, 1681. 
300 |a [28] h., 720 p., [8] h. ; f° 
500 |a Portada tipográfica a dos tintas con marca de los editores y pleca en grabado xilográfico. Título de la anteportada: Antilogiae Sacrae Scripturae. Texto a dos columnas con paginación en números arábigos, apostillas marginales, reclamos y signaturas. Incluye cabecera de título historiada en grabado xilográfico. Incluye capitular con motivos zoomorfos en grabado xilográfico. Encuadernación en pergamino (1623, 1775). Marca de fuego: Casa del Noviciado de la Compañía de Jesús de Oaxaca, Oax. (1623, 1775). Marca de fuego: Convento de San Agustín de Oaxaca, Oax. (1623, 1775). Ex libris manuscrito en la portada: "B. Angel Remigio Briones" (1623, 1775). Daños por humedad y polilla (1623, 1775)  
504 |a Al principio de la obra están el índice de contenido y el index concionatorius 
504 |a Al final de la obra está el índice de cosas y palabras notables 
650 1 0 |a Biblia 
700 1 |a Anisson, Jean, 1642-1721, impr., ed. 
700 1 |a Anisson, Jacques, 1643-1714, impr., ed. 
700 1 |a Posuel, Jean, 1644-1725, impr., ed. 
852 |a Universidad Autónoma "Benito Juárez" de Oaxaca, Biblioteca Francisco de Burgoa, Colección antigua 1623, 1775 
942 |c BURANT 
943 |g Universidad Autónoma Benito Juárez de Oaxaca. Biblioteca Francisco de Burgoa. Colección antigua 
999 |c 1111509  |d 1111509